000 00337nam a22001457a 4500
020 _a81-7826-236-3
082 _a001
_bROH/W
100 _aROHAN BOOK CO
245 _aWORLD GREAT SCIENTISTS
250 _aFIRST EDITION
260 _aDELHI
_bROHAN BOOK COMPANY
_c2002
300 _a248
650 _aGENERAL KNOWLEDGE
_zINDIA
942 _cBK
999 _c1952
_d1952